<?xml version="1.0" encoding="UTF-8"?>
<record
    xmlns:xsi="http://www.w3.org/2001/XMLSchema-instance"
    xsi:schemaLocation="http://www.loc.gov/MARC21/slim http://www.loc.gov/standards/marcxml/schema/MARC21slim.xsd"
    xmlns="http://www.loc.gov/MARC21/slim">

  <leader>00847nam a2200217 i 4500</leader>
  <controlfield tag="001">91991</controlfield>
  <controlfield tag="003">ES-MaACL</controlfield>
  <controlfield tag="005">20230906180854.0</controlfield>
  <controlfield tag="007">t|</controlfield>
  <controlfield tag="008">050315s1989    sp           ||||1| spa d</controlfield>
  <datafield tag="020" ind1=" " ind2=" ">
    <subfield code="a">84-505-8646-1</subfield>
  </datafield>
  <datafield tag="080" ind1=" " ind2=" ">
    <subfield code="a">728.82(460.355 Sanl&#xFA;car de Barrameda)"1625"</subfield>
  </datafield>
  <datafield tag="245" ind1="0" ind2="3">
    <subfield code="a">El palacio Orleans-Borb&#xF3;n de Sanl&#xFA;car de Barrameda / </subfield>
    <subfield code="c">[planimetr&#xED;a, Domingo Fern&#xE1;ndez... (et al.) ; coordinaci&#xF3;n, Ana G&#xF3;mez D&#xED;az].</subfield>
  </datafield>
  <datafield tag="260" ind1=" " ind2=" ">
    <subfield code="a">Sanl&#xFA;car Barrameda : </subfield>
    <subfield code="b">Ayuntamiento, Escuela-Taller "Tartessos",</subfield>
    <subfield code="c">[1989]</subfield>
  </datafield>
  <datafield tag="300" ind1=" " ind2=" ">
    <subfield code="a">213 p. : </subfield>
    <subfield code="b">il. col. ; </subfield>
    <subfield code="c">21x26 cm.</subfield>
  </datafield>
  <datafield tag="650" ind1=" " ind2="4">
    <subfield code="a">Arquitectura espa&#xF1;ola-</subfield>
    <subfield code="y">S.XVII.</subfield>
    <subfield code="9">10022</subfield>
  </datafield>
  <datafield tag="651" ind1=" " ind2="4">
    <subfield code="a">Palacio Orleans-Borb&#xF3;n (Sanl&#xFA;car de Barrameda)-</subfield>
    <subfield code="x">Historia.</subfield>
    <subfield code="9">9189</subfield>
  </datafield>
  <datafield tag="700" ind1="1" ind2=" ">
    <subfield code="a">Fern&#xE1;ndez, Domingo.</subfield>
    <subfield code="9">49352</subfield>
  </datafield>
  <datafield tag="700" ind1="1" ind2=" ">
    <subfield code="a">G&#xF3;mez D&#xED;az, Ana.</subfield>
    <subfield code="9">57934</subfield>
  </datafield>
  <datafield tag="852" ind1=" " ind2=" ">
    <subfield code="a">ES-MaACL</subfield>
    <subfield code="j">E-10812 </subfield>
    <subfield code="b">R.135634</subfield>
  </datafield>
  <datafield tag="999" ind1=" " ind2=" ">
    <subfield code="c">91991</subfield>
    <subfield code="d">91991</subfield>
  </datafield>
  <datafield tag="952" ind1=" " ind2=" ">
    <subfield code="0">0</subfield>
    <subfield code="1">0</subfield>
    <subfield code="4">0</subfield>
    <subfield code="7">0</subfield>
    <subfield code="a">ATENEOM</subfield>
    <subfield code="b">ATENEOM</subfield>
    <subfield code="c">DEPO2</subfield>
    <subfield code="d">2008-01-17</subfield>
    <subfield code="e">SC</subfield>
    <subfield code="l">0</subfield>
    <subfield code="o">E-10812</subfield>
    <subfield code="p">1096050</subfield>
    <subfield code="r">2023-02-23 00:00:00</subfield>
    <subfield code="w">2023-02-23</subfield>
    <subfield code="y">MONOGRAFIA</subfield>
  </datafield>
</record>
